[Event "Bogota Torneo Distrital op"]
[Site "Bogota"]
[Date "2010.05.17"]
[Round "6.18"]
[White "Rosero, Hugo Alberto"]
[Black "Coy, William"]
[Result "0-1"]
[WhiteElo "1487"]
[BlackElo "1675"]
[PlyCount "94"]
[EventDate "2010.05.14"]
[EventType "swiss"]
[EventRounds "7"]
[EventCountry "COL"]
[SourceTitle "EXT 2024"]
[Source "ChessBase"]
[SourceDate "2023.10.10"]
[SourceVersion "1"]
[SourceVersionDate "2023.10.10"]
[SourceQuality "1"]

1. e4 c5 2. Nf3 Nc6 3. d4 cxd4 4. Nxd4 Nf6 5. Nc3 a6 6. Be2 d6 7. Be3 e5 8. Nf3 h6 9. h3 Be6 10. a3 Qc7 11. Qd3 b5 12. b4 Bc4 13. Qd2 Bxe2 14. Qxe2 Nxb4 15. Qd2 Rc8 16. axb4 Qxc3 17. Qxc3 Rxc3 18. Nd2 Rxc2 19. 0-0 Rc6 20. Ra5 d5 21. exd5 Nxd5 22. Bc5 Bxc5 23. bxc5 0-0 24. Rc1 Rfc8 25. Nb3 Nf4 26. Rd1 Ne6 27. Rd5 Nxc5 28. Nxc5 Rxc5 29. Rxc5 Rxc5 30. Rxa6 Rc1+ 31. Kh2 b4 32. Ra8+ Kh7 33. Rb8 Rb1 34. Kg3 Kg6 35. Kf3 b3 36. Ke2 Rb2+ 37. Ke3 f5 38. g3 Kg5 39. Rb5 e4 40. h4+ Kg4 41. Rb7 g5 42. hxg5 hxg5 43. Rb5 Rb1 44. Ke2 b2 45. Rb4 Kh3 46. Rb5 Kg2 47. Rb3 Rf1 0-1

[Event "Bogota Torneo Distrital op"]
[Site "Bogota"]
[Date "2010.05.14"]
[Round "1.6"]
[White "Coy, William"]
[Black "Villamil Alarcon, Hector Orlando"]
[Result "0-1"]
[WhiteElo "1675"]
[BlackElo "2137"]
[PlyCount "76"]
[EventDate "2010.05.14"]
[EventType "swiss"]
[EventRounds "7"]
[EventCountry "COL"]
[SourceTitle "EXT 2024"]
[Source "ChessBase"]
[SourceDate "2023.10.10"]
[SourceVersion "1"]
[SourceVersionDate "2023.10.10"]
[SourceQuality "1"]

1. d4 d5 2. c4 c6 3. Nc3 Nf6 4. Bg5 Nbd7 5. e3 e6 6. Nf3 Be7 7. Qc2 h6 8. Bh4 a6 9. a3 0-0 10. Bd3 dxc4 11. Bxc4 b5 12. Ba2 Bb7 13. 0-0 Rc8 14. Rac1 c5 15. Qd3 c4 16. Qc2 Re8 17. Rfd1 Nf8 18. Ne5 N6d7 19. Bxe7 Qxe7 20. Bb1 Nxe5 21. dxe5 Red8 22. Ne4 Bxe4 23. Qxe4 Rxd1+ 24. Rxd1 Rd8 25. Rxd8 Qxd8 26. Qd4 Qc7 27. Qd6 Qa5 28. Kf1 c3 29. b3 b4 30. axb4 Qb5+ 31. Ke1 a5 32. bxa5 Qxb3 33. Qd3 Qb4 34. Kd1 Qxa5 35. f4 Qb4 36. Kc2 Qb2+ 37. Kd1 Qxg2 38. Qxc3 Qxh2 0-1